| Tag |
First Indicator |
Second Indicator |
Subfields |
| LEADER |
00000pam a2200000 a 4500 |
| 001 |
in00000082254 |
| 005 |
20151008061110.0 |
| 008 |
810825s1982 ctub b 00110 eng |
| 010 |
|
|
|a 81014635
|
| 020 |
|
|
|a 0300027672
|
| 020 |
|
|
|a 0300027796 (pbk.)
|
| 035 |
|
|
|a (OCoLC)07772622
|
| 035 |
|
|
|9 AAJ7304AM
|
| 039 |
0 |
|
|a 2
|b 3
|c 3
|d 3
|e 3
|
| 040 |
|
|
|a DLC
|c DLC
|d TXA
|d UtOrBLW
|
| 043 |
|
|
|a f-sa---
|
| 049 |
|
|
|a TXAM
|c [1673174]
|
| 050 |
0 |
0 |
|a DT770
|b .T46 1982
|
| 082 |
0 |
|
|a 320.968
|2 19
|
| 100 |
1 |
|
|a Thompson, Leonard Monteath.
|
| 245 |
1 |
0 |
|a South African politics /
|c Leonard Thompson and Andrew Prior.
|
| 264 |
|
1 |
|a New Haven :
|b Yale University Press,
|c [1982]
|
| 264 |
|
4 |
|c ©1982
|
| 300 |
|
|
|a xiii, 255 pages :
|b maps ;
|c 22 cm.
|
| 336 |
|
|
|a text
|b txt
|2 rdacontent
|
| 337 |
|
|
|a unmediated
|b n
|2 rdamedia
|
| 338 |
|
|
|a volume
|b nc
|2 rdacarrier
|
| 504 |
|
|
|a Includes bibliographical references and index.
|
| 651 |
|
0 |
|a South Africa
|x Politics and government.
|
| 700 |
1 |
|
|a Prior, Andrew.
|
| 999 |
|
|
|a MARS
|
| 999 |
f |
f |
|s 5c44982c-64d6-3504-be07-14c8dbc31aa4
|i 5b51d0a1-d0b1-361b-8f92-6420ebdd659e
|t 0
|
| 952 |
f |
f |
|p ric
|a Texas A&M University
|b Rellis Campus
|c Joint Library Facility
|d Remote Storage
|t 0
|e DT770 .T46 1982
|h Library of Congress classification
|i unmediated -- volume
|m A14806103463
|
| 998 |
f |
f |
|a DT770 .T46 1982
|t 0
|l Remote Storage
|